President Trophy Winners Quiz Stats

 Plays Quiz not verified by Sporcle

Challenge
Share
Tweet
Embed
Score 0/22 Timer 06:00
0 Plays Today
Year Team % Correct
2010-11Vancouver Canucks
100%
2008-09San Jose Sharks
97.4%
2007-08Detroit Red Wings
94.7%
2005-06Detroit Red Wings
81.6%
2009-10Washington Capitals
80%
2003-04Detroit Red Wings
76.3%
2006-07Buffalo Sabres
73.7%
2001-02Detroit Red Wings
73.7%
2000-01Colorado Avalanche
68.4%
1998-99Dallas Stars
63.2%
1995-96Detroit Red WIngs
60.5%
Year Team % Correct
1994-95Detroit Red Wings
60.5%
2002-03Ottawa Senators
57.9%
1997-98Dallas Stars
55.3%
1996-97Colorado Avalanche
55.3%
1993-94New York Rangers
52.6%
1992-93Pittsburgh Penguins
52.6%
1999-00St. Louis Blues
47.4%
1990-91Chicago Blackhawks
44.7%
2004-05lockout
42.1%
1989-90Boston Bruins
42.1%
1991-92New York Rangers
39.5%

You're not logged in!

Compare scores with friends on all Sporcle quizzes.
Join for Free
OR
Log In

You Might Also Like...

Show Comments

Extras

Top Quizzes Today


Score Distribution

Your Account Isn't Verified!

In order to create a playlist on Sporcle, you need to verify the email address you used during registration. Go to your Sporcle Settings to finish the process.

Report this User

Report this user for behavior that violates our Community Guidelines.

Details: